Statystyki dla Quiz o Arabii Saudyjskiej

Kliknij tutaj aby rozwiązać quiz!

Ogólne statystyki

  • Ten quiz został rozwiązany 10 razy
  • Średni wynik to 6 z 13

Statystyki odpowiedzi

Stolica Arabii SaudyjskiejRijad% Poprawnych
Główna Religia, równiez państwowaIslam
100%
Święte MiastoMekka
90%
Zabronione jest sprzedawanie go na terenie krajuAlkohol
60%
Ustrój politycznyMonarchia
60%
Drugie swięte miastoMedyna
50%
Zatoka granicząca z krajemZatoka Perska
50%
"Konstytucja" obowiązująca w państwieKoran
40%
Nazwa morza do ktorego ma dostepMorze Czerwone
40%
Waluta panstwowaRial
30%
Rok powstania państwa1932
20%
Dynastia Panująca w tym krajuSaudowie
20%
Pierwszy KrólAbdulaziz
10%
Znajduje się na fladze Arabii SaudyjskiejSzahada
10%

Rozkład punktacji

Percentyl według liczby udzielonych odpowiedzi

Procent ludzi z każdym wynikiem

Twoja historia wyników

Nie rozwiązałeś tego quizu